000
00325nam a2200133Ia 4500
008
240112s1987 xx 000 0 und d
022
_a
081517317-2,00843873
041
_a
eng
082
_a
616.05
100
_a
ROGERS D.E.
245
_a
YEAR BOOK OF MEDICINE
260
_b
YEAR BOOK OF MED.PUB.
_c
1987
300
_a
918,HB
999
_c
1140955
_d
1140955